[Event "MP Reykjavik Open 2011"]
[Site "Reykjavik ISL"]
[Date "2011.03.15"]
[Round "8.26"]
[White "Debashis, Das"]
[Black "Thorhallsson, Gylfi"]
[Result "1-0"]
[WhiteElo "2398"]
[BlackElo "2200"]
[PlyCount "91"]
[EventDate "2011.03.09"]
[EventType "swiss"]
[EventRounds "9"]
[EventCountry "ISL"]
[Source "lmi"]
[SourceDate "2011.03.09"]

1. e4 c5 2. Nf3 Nc6 3. d4 cxd4 4. Nxd4 e5 5. Nb5 a6 6. Nd6+ Bxd6 7. Qxd6 Qf6 8.
Qd1 b5 9. Nc3 Nge7 10. Be3 O-O 11. Bc5 Rd8 12. Qd6 Qxd6 13. Bxd6 Bb7 14. O-O-O
Rac8 15. a3 Ng6 16. h4 f6 17. h5 Nh8 18. Bc5 Nb8 19. Bb6 Re8 20. Nd5 Nf7 21.
Rh3 Ng5 22. Re3 Bxd5 23. Rxd5 Rc6 24. Ba5 Kf7 25. Rd2 Rec8 26. b3 Ne6 27. Kb2
Nf4 28. g3 Nxh5 29. c4 bxc4 30. Bxc4+ Rxc4 31. bxc4 Rxc4 32. Rc3 Rxc3 33. Kxc3
Ke8 34. Bc7 Nc6 35. Rb2 f5 36. exf5 Nf6 37. Kc4 d5+ 38. Kc5 Kd7 39. Rb7 Ne4+
40. Kb6 Nd6 41. Bxd6+ Kxd6 42. Rxg7 d4 43. f6 Nd8 44. Rxh7 Ke6 45. Kxa6 e4 46.
Re7+ 1-0

[Event "MP Reykjavik Open 2011"]
[Site "Reykjavik ISL"]
[Date "2011.03.15"]
[Round "8.27"]
[White "Thorsteinsson, Thorsteinn"]
[Black "Thomassen, Joachim"]
[Result "0-1"]
[WhiteElo "2220"]
[BlackElo "2396"]
[PlyCount "48"]
[EventDate "2011.03.09"]
[EventType "swiss"]
[EventRounds "9"]
[EventCountry "ISL"]
[Source "lmi"]
[SourceDate "2011.03.09"]

1. e4 c5 2. Nf3 d6 3. d4 cxd4 4. Qxd4 Nc6 5. Bb5 Bd7 6. Bxc6 Bxc6 7. Nc3 Nf6 8.
Bg5 e6 9. O-O-O Be7 10. Rhe1 O-O 11. e5 dxe5 12. Qh4 Qc7 13. Nxe5 h6 14. Bxh6
gxh6 15. Qxh6 Ne4 16. f4 Qxe5 17. Nxe4 Qh8 18. Qxh8+ Kxh8 19. Rd3 Rg8 20. g3
Rad8 21. Rde3 Rd5 22. h4 Ra5 23. a3 Bxe4 24. Rxe4 Rxg3 0-1

[Event "MP Reykjavik Open 2011"]
[Site "Reykjavik ISL"]
[Date "2011.03.15"]
[Round "8.28"]
[White "Holm, Kristian Stuvik"]
[Black "Tiller, Bjorn"]
[Result "1/2-1/2"]
[WhiteElo "2240"]
[BlackElo "2393"]
[PlyCount "47"]
[EventDate "2011.03.09"]
[EventType "swiss"]
[EventRounds "9"]
[EventCountry "ISL"]
[Source "lmi"]
[SourceDate "2011.03.09"]

1. c4 g6 2. d4 Bg7 3. Nf3 d6 4. Nc3 c6 5. e4 a6 6. Be2 b5 7. O-O Nf6 8. e5 Nfd7
9. exd6 exd6 10. Bg5 Nf6 11. cxb5 axb5 12. d5 b4 13. Ne4 c5 14. Bb5+ Kf8 15.
Re1 h6 16. Bh4 g5 17. Nxf6 Bxf6 18. Re8+ Qxe8 19. Bxe8 gxh4 20. Bc6 Ra6 21. Bb5
Ra5 22. Bc4 Nd7 23. Qe2 h3 24. g3 1/2-1/2

[Event "MP Reykjavik Open 2011"]
[Site "Reykjavik ISL"]
[Date "2011.03.15"]
[Round "8.29"]
[White "Ariel, Donny"]
[Black "Byron, Alan M"]
[Result "1-0"]
[WhiteElo "2389"]
[BlackElo "2183"]
[PlyCount "83"]
[EventDate "2011.03.09"]
[EventType "swiss"]
[EventRounds "9"]
[EventCountry "ISL"]
[Source "lmi"]
[SourceDate "2011.03.09"]

1. e4 c5 2. Nc3 Nc6 3. f4 g6 4. Nf3 Bg7 5. Bb5 Nd4 6. Bd3 d6 7. Nxd4 cxd4 8.
Ne2 e5 9. O-O Nf6 10. c3 O-O 11. cxd4 exd4 12. b3 Re8 13. Ng3 h5 14. f5 h4 15.
Ne2 g5 16. Bb2 Nxe4 17. Bxe4 Rxe4 18. d3 Re8 19. Nxd4 Be5 20. f6 Bxf6 21. Qf3
Bxd4+ 22. Bxd4 f5 23. Qh5 Re5 24. Qg6+ Kf8 25. Qh7 Qf6 26. Bxe5 dxe5 27. Rac1
f4 28. Rfe1 h3 29. Qc7 e4 30. Rxe4 Bf5 31. Qe5 Qb6+ 32. Rd4 Bd7 33. Qc5+ Qxc5
34. Rxc5 Ke7 35. Rxg5 Bc6 36. gxh3 Kf6 37. h4 f3 38. Rf4+ Ke6 39. h5 Kd6 40. d4
Re8 41. Rf6+ Kc7 42. d5 1-0

[Event "MP Reykjavik Open 2011"]
[Site "Reykjavik ISL"]
[Date "2011.03.15"]
[Round "8.30"]
[White "Omarsson, Dadi"]
[Black "Devereaux, Maxim L"]
[Result "1/2-1/2"]
[WhiteElo "2214"]
[BlackElo "2385"]
[PlyCount "141"]
[EventDate "2011.03.09"]
[EventType "swiss"]
[EventRounds "9"]
[EventCountry "ISL"]
[Source "lmi"]
[SourceDate "2011.03.09"]

1. e4 e5 2. Nf3 Nc6 3. Bc4 Nf6 4. d3 h6 5. c3 Be7 6. O-O O-O 7. h3 a6 8. Re1 d6
9. Bb3 Be6 10. Bc2 Qd7 11. Nbd2 Rfe8 12. Nf1 Bf8 13. Ng3 d5 14. Qe2 g6 15. Nh2
Bg7 16. Qf3 h5 17. Qe2 Nh7 18. Nf3 Qe7 19. Nf1 Rad8 20. a4 a5 21. Ne3 dxe4 22.
dxe4 Qc5 23. Qb5 Qb6 24. Nd2 Ne7 25. Qxb6 cxb6 26. Ndc4 Nc8 27. b3 Nf6 28. Ba3
Bxc4 29. Nxc4 Bf8 30. Bc1 Bc5 31. Bg5 Kg7 32. Rad1 Nd6 33. Ne3 Bxe3 34. Rxe3
Nc8 35. Ree1 Rd6 36. Kf1 Red8 37. Rxd6 Rxd6 38. Ke2 Rc6 39. Kd2 Rd6+ 40. Bd3
Nd7 41. Kc2 Nc5 42. Bc4 f6 43. Bd2 Ne7 44. f3 h4 45. Ra1 Nc6 46. Be3 g5 47. Bd5
Ne7 48. Bxc5 bxc5 49. Bxb7 Ng6 50. Bd5 Nf4 51. b4 cxb4 52. cxb4 Nxg2 53. bxa5
Ne3+ 54. Kb3 f5 55. Rc1 Nxd5 56. exd5 Rxd5 57. Kb4 e4 58. fxe4 fxe4 59. a6 Rd8
60. a7 Ra8 61. Rc7+ Kf6 62. Kb5 e3 63. Kb6 e2 64. Rc1 Re8 65. Re1 Re6+ 66. Kb5
Re5+ 67. Kb4 Re4+ 68. Kb5 Re5+ 69. Kb6 Re6+ 70. Ka5 Re5+ 71. Kb6 1/2-1/2

[Event "MP Reykjavik Open 2011"]
[Site "Reykjavik ISL"]
[Date "2011.03.15"]
[Round "8.31"]
[White "Sareen, Vishal"]
[Black "Andersson, Christin"]
[Result "1-0"]
[WhiteElo "2358"]
[BlackElo "2163"]
[PlyCount "105"]
[EventDate "2011.03.09"]
[EventType "swiss"]
[EventRounds "9"]
[EventCountry "ISL"]
[Source "lmi"]
[SourceDate "2011.03.09"]

1. e4 e5 2. Nf3 d6 3. Bc4 Be7 4. O-O Nf6 5. d3 Bg4 6. h3 Bh5 7. Re1 Nc6 8. c3
Na5 9. Bb5+ c6 10. Ba4 b5 11. Bc2 Nb7 12. Nbd2 Qd7 13. Nf1 O-O 14. Ng3 Bg6 15.
d4 exd4 16. Nxd4 d5 17. Ndf5 Bc5 18. e5 Nh5 19. Nh6+ gxh6 20. Nxh5 Qe6 21. Nf6+
Kh8 22. b4 Bb6 23. Bxg6 fxg6 24. Bxh6 Rf7 25. Qg4 Nd8 26. a4 bxa4 27. Be3 Bc7
28. Bd4 a3 29. Qg5 Bb6 30. Rxa3 Bxd4 31. cxd4 Qe7 32. Qd2 Rb8 33. Rb1 Ne6 34.
Ra5 Rb7 35. Ra6 Nd8 36. h4 c5 37. Nxd5 Qxh4 38. dxc5 Rbd7 39. Rd6 Rxd6 40. exd6
Nc6 41. Rd1 Rf5 42. f4 a6 43. Qc3+ Kg8 44. Qh3 Qd8 45. Qb3 Kf8 46. Nc7 Qf6 47.
Ne6+ Ke8 48. d7+ Ke7 49. d8=B+ Nxd8 50. Nxd8 g5 51. Qe3+ Kf8 52. Ne6+ Kf7 53.
Nxg5+ 1-0

[Event "MP Reykjavik Open 2011"]
[Site "Reykjavik ISL"]
[Date "2011.03.15"]
[Round "8.32"]
[White "Karavade, Eesha"]
[Black "Van der Plas, Rob"]
[Result "1-0"]
[WhiteElo "2330"]
[BlackElo "2165"]
[PlyCount "51"]
[EventDate "2011.03.09"]
[EventType "swiss"]
[EventRounds "9"]
[EventCountry "ISL"]
[Source "lmi"]
[SourceDate "2011.03.09"]

1. d4 e6 2. c4 Nf6 3. Nc3 Bb4 4. Nf3 Ne4 5. Qc2 f5 6. e3 O-O 7. Bd3 b6 8. O-O
Bxc3 9. bxc3 Bb7 10. Nd2 Nxd2 11. Bxd2 Qh4 12. f3 Nc6 13. Rae1 Rf6 14. e4 f4
15. e5 Rh6 16. h3 Rf8 17. Rf2 Na5 18. Kf1 Qg3 19. d5 Ba6 20. Re4 g5 21. Bc1 g4
22. fxg4 exd5 23. Rexf4 Re8 24. R4f3 Qh4 25. Bxh6 Qxh6 26. Bxh7+ 1-0

[Event "MP Reykjavik Open 2011"]
[Site "Reykjavik ISL"]
[Date "2011.03.15"]
[Round "8.33"]
[White "Vovk, Oksana"]
[Black "Geske, Julian"]
[Result "1/2-1/2"]
[WhiteElo "2204"]
[BlackElo "2329"]
[PlyCount "97"]
[EventDate "2011.03.09"]
[EventType "swiss"]
[EventRounds "9"]
[EventCountry "ISL"]
[Source "lmi"]
[SourceDate "2011.03.09"]

1. d4 Nf6 2. c4 g6 3. g3 Bg7 4. Bg2 O-O 5. Nc3 d6 6. e4 c5 7. d5 e6 8. Nge2
exd5 9. exd5 Re8 10. O-O Nbd7 11. h3 Ne5 12. b3 Bf5 13. g4 Bd3 14. Bf4 Bxe2 15.
Nxe2 Nfxg4 16. hxg4 Nxg4 17. Rc1 Qh4 18. Bg3 Qg5 19. Qd3 h5 20. Nf4 Bd4 21. Nh3
Qh6 22. Bf4 Qg7 23. Bxd6 Qf6 24. Qg3 Re2 25. Qf4 Qh4 26. Qg3 Qf6 27. Bf4 Rae8
28. d6 Qf5 29. Bxb7 Nf6 30. Bc6 Rc8 31. Bb7 Rce8 32. Bc6 Rc8 33. Bf3 Ne4 34.
Bxe4 Rxe4 35. Rce1 Rce8 36. Rxe4 Rxe4 37. Kg2 Re2 38. Qg5 Qe4+ 39. Kg1 Qe6 40.
Qd8+ Kg7 41. Bh6+ Kxh6 42. Qg5+ Kh7 43. Nf4 Bxf2+ 44. Rxf2 Re1+ 45. Kh2 Qxd6
46. Qd5 Qe7 47. Nh3 Re2 48. Ng5+ Kg7 49. Rxe2 1/2-1/2

[Event "MP Reykjavik Open 2011"]
[Site "Reykjavik ISL"]
[Date "2011.03.15"]
[Round "8.34"]
[White "Halldorsson, Jon Arni"]
[Black "Kovachev, Daniel Jakobsen"]
[Result "1-0"]
[WhiteElo "2195"]
[BlackElo "2307"]
[PlyCount "113"]
[EventDate "2011.03.09"]
[EventType "swiss"]
[EventRounds "9"]
[EventCountry "ISL"]
[Source "lmi"]
[SourceDate "2011.03.09"]

1. d4 Nf6 2. Nf3 c5 3. d5 e6 4. Nc3 d6 5. e4 exd5 6. exd5 a6 7. a4 g6 8. Bf4
Qe7+ 9. Be2 Bg7 10. O-O O-O 11. Re1 Qc7 12. Nd2 Re8 13. Nc4 Bf8 14. a5 Nbd7 15.
Bf3 Rxe1+ 16. Qxe1 b5 17. axb6 Nxb6 18. Ne3 Bb7 19. Qd2 Bg7 20. Na4 Nfd7 21.
Nxb6 Nxb6 22. c3 c4 23. h4 h5 24. g4 Qe7 25. gxh5 Qxh4 26. Bg3 Qg5 27. Nxc4
Qxd2 28. Nxd2 Bxd5 29. Bxd5 Nxd5 30. hxg6 fxg6 31. Ra5 Nb6 32. Bxd6 Rd8 33. Bf4
Ra8 34. Kf1 Kf7 35. Ke2 Ke6 36. Kd3 Nd5 37. Bg5 Be5 38. Nc4 Bc7 39. Rc5 Ra7 40.
Ke4 Nf6+ 41. Bxf6 Kxf6 42. Rc6+ Kg5 43. b4 Bh2 44. Ne3 Bg1 45. f4+ Kh5 46. Nd5
a5 47. b5 a4 48. Ra6 Rxa6 49. bxa6 a3 50. Nb4 Kg4 51. c4 Ba7 52. Na2 Kg3 53.
Kd5 Kxf4 54. c5 g5 55. c6 Bb8 56. a7 Bxa7 57. c7 1-0

[Event "MP Reykjavik Open 2011"]
[Site "Reykjavik ISL"]
[Date "2011.03.15"]
[Round "8.35"]
[White "Locci, Damiano"]
[Black "Piasetski, Leon"]
[Result "0-1"]
[WhiteElo "2177"]
[BlackElo "2299"]
[PlyCount "70"]
[EventDate "2011.03.09"]
[EventType "swiss"]
[EventRounds "9"]
[EventCountry "ISL"]
[Source "lmi"]
[SourceDate "2011.03.09"]

1. e4 c5 2. b4 b6 3. bxc5 bxc5 4. Nc3 Nc6 5. f4 g6 6. Nf3 Bg7 7. e5 Nh6 8. Bc4
Rb8 9. O-O O-O 10. Ng5 e6 11. Nge4 d5 12. exd6 f5 13. Ng5 Qxd6 14. Kh1 Rb4 15.
Bb3 Nd4 16. Ba4 Bb7 17. Rb1 Rxb1 18. Nxb1 Ng4 19. Nc3 h6 20. Nh3 Ba8 21. Qe1
Qa6 22. Ba3 Rc8 23. Ng1 Kh7 24. h3 Nf6 25. Nf3 Nxf3 26. gxf3 Nh5 27. Bb5 Qxa3
28. Qxe6 Rb8 29. Kh2 Qb4 30. Bc4 Qb6 31. Qf7 Qd6 32. Rb1 Qxf4+ 33. Kg1 Rf8 34.
Nd5 Qg3+ 35. Kf1 Rxf7 0-1

[Event "MP Reykjavik Open 2011"]
[Site "Reykjavik ISL"]
[Date "2011.03.15"]
[Round "8.36"]
[White "Herms Agullo, Jordi"]
[Black "Arngrimsson, Dagur"]
[Result "0-1"]
[WhiteElo "2098"]
[BlackElo "2367"]
[PlyCount "60"]
[EventDate "2011.03.09"]
[EventType "swiss"]
[EventRounds "9"]
[EventCountry "ISL"]
[Source "lmi"]
[SourceDate "2011.03.09"]

1. e4 e5 2. Nf3 Nc6 3. Bb5 a6 4. Bxc6 dxc6 5. O-O f6 6. d4 Bg4 7. dxe5 Qxd1 8.
Rxd1 fxe5 9. Rd3 Bd6 10. Nbd2 Nf6 11. b3 Bxf3 12. gxf3 O-O-O 13. Bb2 b5 14. f4
Nd7 15. f5 Nf6 16. Kf1 Rdf8 17. Rg3 g6 18. Rg5 Bb4 19. c3 Be7 20. Rc1 Rd8 21.
Nf3 Nxe4 22. Rg1 Nd2+ 23. Ke2 Nxf3 24. Kxf3 Rhf8 25. c4 Rxf5+ 26. Ke2 Bc5 27.
Rgf1 e4 28. cxb5 cxb5 29. Rc2 Rdf8 30. Ke1 Bb6 0-1

[Event "MP Reykjavik Open 2011"]
[Site "Reykjavik ISL"]
[Date "2011.03.15"]
[Round "8.37"]
[White "Ziska, Helgi Dam"]
[Black "Burrows, Martin P"]
[Result "1-0"]
[WhiteElo "2432"]
[BlackElo "2168"]
[PlyCount "99"]
[EventDate "2011.03.09"]
[EventType "swiss"]
[EventRounds "9"]
[EventCountry "ISL"]
[Source "lmi"]
[SourceDate "2011.03.09"]

1. e4 c5 2. Nf3 d6 3. d4 cxd4 4. Nxd4 Nf6 5. Nc3 a6 6. Bg5 e6 7. f4 Nc6 8. Nxc6
bxc6 9. e5 h6 10. Bh4 g5 11. fxg5 Nd5 12. Ne4 Qb6 13. c3 dxe5 14. g6 Qe3+ 15.
Qe2 fxg6 16. Nf6+ Kf7 17. Ng4 Qxe2+ 18. Bxe2 Bg7 19. O-O+ Kg8 20. Bd3 Nf4 21.
Be4 Rb8 22. b3 c5 23. Rad1 Bb7 24. Bxb7 Rxb7 25. Nf6+ Kf7 26. Ne4 Kg8 27. Rd2
c4 28. bxc4 g5 29. Bf2 Kh7 30. Rfd1 Rhb8 31. c5 Rb1 32. Kf1 Bf8 33. c4 Kg6 34.
g3 Rxd1+ 35. Rxd1 Nh3 36. Be3 g4 37. Ke2 Ng5 38. Bxg5 hxg5 39. Nd6 Rd8 40. Ke3
Rd7 41. Ke4 Rc7 42. Kxe5 Rxc5+ 43. Kxe6 Ra5 44. Rd2 Bg7 45. Nb7 Re5+ 46. Kd6
Rf5 47. c5 Bc3 48. Rd5 Rf6+ 49. Kc7 Rf7+ 50. Kb6 1-0

[Event "MP Reykjavik Open 2011"]
[Site "Reykjavik ISL"]
[Date "2011.03.15"]
[Round "8.38"]
[White "Thorhallsson, Throstur"]
[Black "Huguet, Sergio"]
[Result "1/2-1/2"]
[WhiteElo "2387"]
[BlackElo "2140"]
[PlyCount "85"]
[EventDate "2011.03.09"]
[EventType "swiss"]
[EventRounds "9"]
[EventCountry "ISL"]
[Source "lmi"]
[SourceDate "2011.03.09"]

1. e4 Nf6 2. e5 Nd5 3. d4 d6 4. Bc4 c6 5. Bb3 g6 6. Nf3 Bg7 7. O-O O-O 8. h3
dxe5 9. dxe5 e6 10. Qe2 Nd7 11. c4 Ne7 12. Nc3 b6 13. Bf4 Bb7 14. Rad1 Qc7 15.
Ne4 c5 16. Ba4 Nc6 17. Nd6 h6 18. Qe4 Ndb8 19. h4 Na5 20. Qe3 Bxf3 21. Qxf3
Nbc6 22. Qe4 Nd4 23. h5 g5 24. Bg3 Nac6 25. f4 Rad8 26. fxg5 hxg5 27. h6 Bxh6
28. Bxc6 Nxc6 29. Nb5 Qb7 30. Rxd8 Nxd8 31. Qg4 Nc6 32. Nd6 Qe7 33. Ne4 Nd4 34.
Nf6+ Kg7 35. Bh4 Rh8 36. Ne4 Kf8 37. Bf2 Nf5 38. Rd1 Bg7 39. Nd6 Bxe5 40. Nxf5
exf5 41. Qxf5 Bd4 42. Bxd4 cxd4 43. Qf2 1/2-1/2

[Event "MP Reykjavik Open 2011"]
[Site "Reykjavik ISL"]
[Date "2011.03.15"]
[Round "8.39"]
[White "Rothe, Guido"]
[Black "Michalczak, Thomas"]
[Result "0-1"]
[WhiteElo "2171"]
[BlackElo "2332"]
[PlyCount "82"]
[EventDate "2011.03.09"]
[EventType "swiss"]
[EventRounds "9"]
[EventCountry "ISL"]
[Source "lmi"]
[SourceDate "2011.03.09"]

1. e4 e5 2. Bc4 Nf6 3. d4 exd4 4. Nf3 Nc6 5. O-O Nxe4 6. Re1 d5 7. Bxd5 Qxd5 8.
Nc3 Qa5 9. Nxe4 Be7 10. Bg5 f6 11. Nxf6+ gxf6 12. Bxf6 O-O 13. Bxe7 Rf7 14. Bh4
Bg4 15. Qd2 Qxd2 16. Nxd2 Nb4 17. Re5 Nxc2 18. Rc1 d3 19. f3 Bf5 20. a3 Kf8 21.
Bg5 Kg7 22. Nb3 b6 23. Bd2 c5 24. g4 Bd7 25. Bc3 Kf8 26. Nd2 Re8 27. Rxe8+ Kxe8
28. Rf1 Bc6 29. h4 b5 30. g5 Rf4 31. h5 Kf7 32. Bf6 a5 33. h6 c4 34. Kh2 Bd5
35. Kg3 Rf5 36. Rh1 b4 37. axb4 axb4 38. Rd1 Kg6 39. Ne4 Ne3 40. Ra1 Bxe4 41.
fxe4 Rxf6 0-1

[Event "MP Reykjavik Open 2011"]
[Site "Reykjavik ISL"]
[Date "2011.03.15"]
[Round "8.40"]
[White "Agrest, Inna"]
[Black "Stigar, Petter"]
[Result "0-1"]
[WhiteElo "2170"]
[BlackElo "2328"]
[PlyCount "150"]
[EventDate "2011.03.09"]
[EventType "swiss"]
[EventRounds "9"]
[EventCountry "ISL"]
[Source "lmi"]
[SourceDate "2011.03.09"]

1. e4 c5 2. Nf3 Nc6 3. d4 cxd4 4. Nxd4 g6 5. c4 Nf6 6. Nc3 d6 7. Nc2 Bg7 8. Be2
Nd7 9. Bd2 a5 10. O-O Nc5 11. f3 O-O 12. Kh1 Be6 13. Be1 Rc8 14. Rb1 f5 15. Ne3
fxe4 16. fxe4 Rxf1+ 17. Bxf1 Qf8 18. Be2 Be5 19. g3 Bxc3 20. bxc3 Nxe4 21. Bg4
Bxg4 22. Qxg4 Nc5 23. Kg2 Ne5 24. Qe2 e6 25. Rd1 Qe7 26. Rd4 b6 27. Ng4 Qb7+
28. Kh3 Qf3 29. Qxf3 Nxf3 30. Rd1 Nxe1 31. Rxe1 Kf7 32. Rb1 Nd7 33. Ne3 Rc6 34.
Rf1+ Kg7 35. Rf4 Ne5 36. Kg2 g5 37. Rd4 h6 38. h3 Kf7 39. Kf2 Ke7 40. Ke2 Rc8
41. h4 Rg8 42. Nf1 Rf8 43. Nd2 Rc8 44. Kd1 g4 45. h5 Rc5 46. a4 Nf7 47. Rxg4
Rxh5 48. Rg8 Rg5 49. Rb8 Rxg3 50. Rb7+ Kf8 51. Rxb6 h5 52. Rb5 Rg5 53. Ne4 Rxb5
54. cxb5 Ke7 55. c4 Nd8 56. c5 dxc5 57. Nxc5 Kd6 58. Ne4+ Ke5 59. Nc5 Kd5 60.
Nd7 h4 61. Ke2 Nb7 62. Kf3 Kd6 63. Nb6 Kc5 64. Nd7+ Kb4 65. Nb6 Nc5 66. Kg4
Nxa4 67. Nxa4 Kxb5 68. Nb2 a4 69. Nxa4 Kxa4 70. Kxh4 Kb4 71. Kg4 Kc4 72. Kf4
Kd4 73. Kf3 e5 74. Kf2 Kd3 75. Ke1 Ke3 0-1

[Event "MP Reykjavik Open 2011"]
[Site "Reykjavik ISL"]
[Date "2011.03.15"]
[Round "8.41"]
[White "Maack, Kjartan"]
[Black "Kjartansson, Gudmundur"]
[Result "1/2-1/2"]
[WhiteElo "2157"]
[BlackElo "2327"]
[PlyCount "106"]
[EventDate "2011.03.09"]
[EventType "swiss"]
[EventRounds "9"]
[EventCountry "ISL"]
[Source "lmi"]
[SourceDate "2011.03.09"]

1. Nf3 d5 2. c4 d4 3. g3 Nc6 4. d3 e5 5. Bg2 Bf5 6. O-O Qd7 7. Qa4 f6 8. a3
Nge7 9. b4 Ng6 10. Rd1 Be7 11. e3 O-O 12. Bb2 Bg4 13. Qc2 Rad8 14. b5 Na5 15.
exd4 exd4 16. Re1 c5 17. bxc6 Nxc6 18. Nbd2 Kh8 19. Nb3 Nge5 20. Nfxd4 Nxd4 21.
Nxd4 Bc5 22. Re4 Bh5 23. Nb3 Qxd3 24. Qxd3 Bxf2+ 25. Kxf2 Nxd3+ 26. Kg1 Nxb2
27. Rb1 Na4 28. Re7 Bg6 29. Rbe1 Bd3 30. Rxb7 Bxc4 31. Na5 Bd5 32. Bxd5 Rxd5
33. Rxa7 h5 34. Ree7 Rg5 35. Nc4 Nc3 36. Nd6 Kh7 37. Ne8 Nb5 38. Rab7 Rxe8 39.
Rxe8 Nd6 40. Ree7 Nxb7 41. Rxb7 Ra5 42. Rb3 g5 43. Kg2 Kg6 44. h3 Ra4 45. Kf3
Rc4 46. g4 Rf4+ 47. Kg3 h4+ 48. Kg2 Ra4 49. Rf3 Kf7 50. Re3 Rc4 51. Kf2 Rc2+
52. Re2 Rc3 53. Re3 Rc4 1/2-1/2

[Event "MP Reykjavik Open 2011"]
[Site "Reykjavik ISL"]
[Date "2011.03.15"]
[Round "8.42"]
[White "Sharevich, Anna"]
[Black "Thorsteinsson, Erlingur"]
[Result "1-0"]
[WhiteElo "2323"]
[BlackElo "2110"]
[PlyCount "57"]
[EventDate "2011.03.09"]
[EventType "swiss"]
[EventRounds "9"]
[EventCountry "ISL"]
[Source "lmi"]
[SourceDate "2011.03.09"]

1. d4 Nf6 2. c4 g6 3. Nc3 d5 4. cxd5 Nxd5 5. e4 Nxc3 6. bxc3 Bg7 7. Ba3 Nd7 8.
Nf3 c5 9. Bc4 O-O 10. O-O e6 11. Qe2 Qa5 12. Bb2 Nb6 13. Bb3 cxd4 14. cxd4 Bd7
15. Rfc1 Rfc8 16. Qe3 Na4 17. Ba3 Rc3 18. Rxc3 Qxc3 19. Rc1 Qxe3 20. fxe3 Nb6
21. Rc7 Bc6 22. Ng5 Bh6 23. Nxf7 Bxe3+ 24. Kh1 Re8 25. Nd6 Rf8 26. Bxe6+ Kh8
27. Nf7+ Rxf7 28. Rxf7 Bxd4 29. Bd5 1-0

[Event "MP Reykjavik Open 2011"]
[Site "Reykjavik ISL"]
[Date "2011.03.15"]
[Round "8.43"]
[White "Ptacnikova, Lenka"]
[Black "Kristinsson, Ogmundur"]
[Result "1-0"]
[WhiteElo "2307"]
[BlackElo "2099"]
[PlyCount "61"]
[EventDate "2011.03.09"]
[EventType "swiss"]
[EventRounds "9"]
[EventCountry "ISL"]
[Source "lmi"]
[SourceDate "2011.03.09"]

1. Nf3 Nf6 2. g3 g6 3. Bg2 Bg7 4. O-O O-O 5. c4 d5 6. cxd5 Nxd5 7. d4 b6 8. e4
Nf6 9. Nc3 Bb7 10. Qc2 Na6 11. Rd1 e6 12. Bf4 Qe7 13. a3 c5 14. dxc5 Qxc5 15.
Bd6 Qh5 16. Bxf8 Rxf8 17. h3 Rc8 18. Qe2 Nc5 19. g4 Nxg4 20. hxg4 Qxg4 21. Nd4
Qh4 22. Rab1 Ba6 23. Qe3 Qe7 24. e5 Nd7 25. Nc6 Qe8 26. Nb4 Bc4 27. Bc6 Rc7 28.
Qd4 Bxe5 29. Qxc4 Qe7 30. Nb5 Qg5+ 31. Kf1 1-0

[Event "MP Reykjavik Open 2011"]
[Site "Reykjavik ISL"]
[Date "2011.03.15"]
[Round "8.44"]
[White "Bisby, Daniel"]
[Black "Horn, Emilia"]
[Result "0-1"]
[WhiteElo "2306"]
[BlackElo "2031"]
[PlyCount "144"]
[EventDate "2011.03.09"]
[EventType "swiss"]
[EventRounds "9"]
[EventCountry "ISL"]
[Source "lmi"]
[SourceDate "2011.03.09"]

1. e4 e5 2. Nf3 Nc6 3. Bc4 Nf6 4. d3 Be7 5. O-O O-O 6. Re1 d6 7. a4 Bg4 8. h3
Bh5 9. Nbd2 Nd4 10. g4 Nxf3+ 11. Nxf3 Bg6 12. Nh4 Nd7 13. Nxg6 hxg6 14. Qd2 g5
15. b4 a6 16. Rb1 b6 17. Bd5 Ra7 18. Re3 Nb8 19. b5 axb5 20. axb5 Ra5 21. Qc3
Nd7 22. Ba3 Bf6 23. Bb4 Ra7 24. Ra1 Rxa1+ 25. Qxa1 Qe8 26. Bc6 Qe6 27. Bd5 Qe8
28. Qa7 Bd8 29. Bxd6 cxd6 30. Bc6 Bf6 31. Qxd7 Qxd7 32. Bxd7 Ra8 33. Re1 Ra2
34. Rc1 Kf8 35. Bc6 Ra5 36. Kf1 Bd8 37. Ke2 Ke7 38. Rb1 Ra2 39. Kd2 g6 40. Bd5
Ra4 41. Bb3 Ra5 42. Bc4 Kf6 43. Rg1 Be7 44. Rg3 Kg7 45. Rf3 f6 46. Kc3 Ra1 47.
Kb2 Rh1 48. Bd5 Rf1 49. Kc3 Rb1 50. Bb3 d5 51. exd5 Bc5 52. Kd2 Bb4+ 53. c3
Rxb3 54. cxb4 Rxb4 55. Re3 Rxb5 56. Re4 Rxd5 57. Ra4 Kf7 58. Ra7+ Ke6 59. Rb7
Rd6 60. Ke3 Kd5 61. Rg7 b5 62. Rxg6 b4 63. Rg8 Rb6 64. Rd8+ Kc5 65. Rc8+ Kb5
66. Kd2 Rc6 67. Ra8 b3 68. Rb8+ Ka4 69. Ra8+ Kb4 70. d4 exd4 71. Kd3 Rc5 72.
Kxd4 b2 0-1

[Event "MP Reykjavik Open 2011"]
[Site "Reykjavik ISL"]
[Date "2011.03.15"]
[Round "8.45"]
[White "Sellitti, Federico"]
[Black "Reipsch, Jens"]
[Result "1-0"]
[WhiteElo "2142"]
[BlackElo "2247"]
[PlyCount "35"]
[EventDate "2011.03.09"]
[EventType "swiss"]
[EventRounds "9"]
[EventCountry "ISL"]
[Source "lmi"]
[SourceDate "2011.03.09"]

1. e4 e5 2. Nc3 Nf6 3. f4 d5 4. fxe5 Nxe4 5. d3 Nxc3 6. bxc3 c5 7. Nf3 Nc6 8.
Be2 Be7 9. O-O h6 10. Qe1 Be6 11. Be3 g5 12. Nd2 Nxe5 13. Bh5 O-O 14. h4 Bg4
15. Bxg4 Nxg4 16. hxg5 Bxg5 17. Bf4 f6 18. Qe6+ 1-0

[Event "MP Reykjavik Open 2011"]
[Site "Reykjavik ISL"]
[Date "2011.03.15"]
[Round "8.46"]
[White "Spaan, Nathanael"]
[Black "Thorsteinsdottir, Hallgerdur"]
[Result "0-1"]
[WhiteElo "2228"]
[BlackElo "2011"]
[PlyCount "62"]
[EventDate "2011.03.09"]
[EventType "swiss"]
[EventRounds "9"]
[EventCountry "ISL"]
[Source "lmi"]
[SourceDate "2011.03.09"]

1. e4 c6 2. d4 d5 3. e5 Bf5 4. Nc3 e6 5. g4 Bg6 6. Nge2 c5 7. Be3 Nc6 8. dxc5
h5 9. Nd4 Qc7 10. f4 hxg4 11. Qd2 Nh6 12. O-O-O a6 13. Na4 Nxd4 14. Bxd4 Nf5
15. Bg2 Nxd4 16. Qxd4 b5 17. Bxd5 exd5 18. Nb6 Rd8 19. Nxd5 Qc8 20. c6 Qxc6 21.
Nf6+ Qxf6 22. exf6 Rxd4 23. Rxd4 gxf6 24. Re1+ Be7 25. Re2 Bf5 26. a4 Be6 27.
axb5 axb5 28. f5 Bxf5 29. Rd5 Bd7 30. Rc5 Rxh2 31. Re3 g3 0-1

[Event "MP Reykjavik Open 2011"]
[Site "Reykjavik ISL"]
[Date "2011.03.15"]
[Round "8.47"]
[White "Saemundsson, Bjarni"]
[Black "Einarsson, Halldor Gretar"]
[Result "0-1"]
[WhiteElo "1923"]
[BlackElo "2220"]
[PlyCount "78"]
[EventDate "2011.03.09"]
[EventType "swiss"]
[EventRounds "9"]
[EventCountry "ISL"]
[Source "lmi"]
[SourceDate "2011.03.09"]

1. d4 f5 2. Bg5 c6 3. Nc3 d5 4. e3 Nf6 5. Bd3 e6 6. Nf3 Be7 7. Ne5 O-O 8. Bxf6
Bxf6 9. f4 c5 10. Qd2 Nc6 11. Be2 cxd4 12. exd4 Qb6 13. O-O-O Nxe5 14. fxe5 Be7
15. g4 Qd8 16. Kb1 f4 17. Rdf1 Bg5 18. Rf3 Bd7 19. Qe1 Bh4 20. Qd2 Qg5 21. Rhf1
Rf7 22. Nd1 Raf8 23. Nf2 Bxf2 24. R1xf2 Qxg4 25. Rxf4 Rxf4 26. Bxg4 Rxf2 27.
Qd3 Rf1+ 28. Bd1 Bb5 29. c4 Bxc4 30. Qh3 Rxd1+ 31. Kc2 Rxd4 32. Qxe6+ Kh8 33.
Qd6 Rg8 34. b3 Ba6 35. Kc3 Rd1 36. Qd7 d4+ 37. Kc2 Re1 38. e6 Re2+ 39. Kd1 Rf8
0-1